000 00220 a2200109 4500
020 _a9788432217432
041 _aspa
100 _aTamaro, Susanna
245 _aDonde el corazon te lleve
942 _cBK
999 _c18510
_d18510
999 _d18510